Marcatori della Juventus in UEFA Europa League 2010-2011 - Statistics

Statistiche generali
  • Questo quiz è stato fatto 13 volte
  • Il punteggio medio è 5 su 7
Statistiche sulle risposte
Partita Minuto Marcatore % Corretto
Juventus - Lech Poznań 3-3 68 Alessandro Del Piero
100%
Juventus - Lech Poznań 3-3 47 Giorgio Chiellini
92%
Juventus - Lech Poznań 3-3 50 Giorgio Chiellini
92%
Manchester City - Juventus 1-1 10 Vincenzo Iaquinta
58%
Lech Poznań - Juventus 1-1 84 Vincenzo Iaquinta
58%
Salisburgo - Juventus 1-1 48 Miloš Krasić
33%
Juventus - Manchester City 1-1 43 Niccolò Giannetti
17%
Nessun quiz corrispondente trovato
Distribuzione punteggi
Percentuale di utenti per punteggio
Percentile per numero di risposta
I tuoi punteggi nel tempo
Non hai fatto questo quiz